| 000 | 01559 a2200229 4500 | ||
|---|---|---|---|
| 001 | 22323 | ||
| 005 | 20260407155513.0 | ||
| 008 | 260407a2002 arg spa d | ||
| 003 | AR-UNSa-BCEJYS | ||
| 040 |
_aAR-UNSa-BCEJYS _bspa _cAR-UNSa-BCEJYS |
||
| 080 |
_a658.16 _xReorganización financiera (Proyectos de inversión) |
||
| 245 | 1 | 0 | _aEvaluación social de proyectos |
| 250 | _a12a. ed | ||
| 264 | 1 |
_aBogotá : _bAlfaomega Colombiana _c2002 |
|
| 300 |
_a471 p. _c25 cm. |
||
| 505 | _a1. Diferentes costos para diferentes decisiones - 2. Diferentes criterios para las decisión de inversiones - 3. Aplicaciones de los criterios de decisión a diferentes problemas - 4. Principios de economía para la evaluación de proyectos - 5. Fundamentos de la evaluación social de proyectos - 6. La evaluación social en ausencia de distorsiones - 7. Ajustes al valor privado de la producción de bienes nacionales - 8. Ajustes al precio de los insumos nacionales - 9. Los efectos indirectos en presencia de distorsiones - 10. Ajustes al precio de bienes transables: El precio social de la divisa - 11. Ajustes al precio de la mano de obra - 12. Ajustes a la tasa de descuento.El vsbn medible - 13. El precio sombra de las divisas para la evaluación social de proyectos - 14. La tasa social del descuento. | ||
| 041 | _aspa | ||
| 942 | _cBK | ||
| 590 | _aniveau_biblio:m niveau_hierar:0 | ||
| 100 | 1 | _aFontaine, Ernesto R. | |
| 856 | 4 | 1 |
_uhttps://biblioeco.unsa.edu.ar/pmb/images/libros/Evaluacion Social de Proyectos(12a edicion).jpg _yImagen de portada _qimage/jpeg |
| 999 |
_c965 _d965 |
||